000 00492nam a2200193Ia 4500
005 20240802111026.0
008 131103s9999 xx 000 0 und d
040 _aLoreto College
041 _aEnglish
082 _a822.07
_bWHI
100 _aWhilfield, George
245 3 _aAn Introduction to drama
_cGeorge Whilfield
250 _a2nd ed.
260 _aLondon
_bOxford University Press
_c1965
300 _a207 p.
_b ill.
650 _aEnglish drama
850 _aLCBED
942 _cBK
999 _c29787
_d80266